|
|
|
|
| LEADER |
00832cam a2200241ua 4500 |
| 008 |
051209s1988 g b000 u Eng u |
| 020 |
|
|
|a 0-8247-7796-4
|c D 107.50
|
| 044 |
|
|
|a
|
| 082 |
1 |
4 |
|a 620.118 M8
|
| 100 |
1 |
|
|a Mallick, P K.
|
| 245 |
0 |
0 |
|a Fiber, reinforced composites: materials, manufacturing and design /
|h Textual Documents
|
| 260 |
|
|
|a New York : Marcel Dekker ,
|c 1988.
|
| 300 |
|
|
|a ;
|
| 365 |
|
|
|a D 107.50
|
| 440 |
0 |
|
|a Mechanical engineering,
|v 62
|x ;
|
| 490 |
0 |
|
|a Mechanical engineering,
|v 62
|x ;
|
| 650 |
|
0 |
|a Composite materials
|
| 650 |
|
0 |
|a Engineering mechanics
|
| 650 |
|
0 |
|a Fibrous composites
|
| 650 |
|
0 |
|a Reinforced plastics
|
| 942 |
|
|
|c BK
|
| 999 |
|
|
|c 103966
|d 103966
|
| 952 |
|
|
|0 0
|1 0
|4 0
|6 620_118000000000000_M8
|7 0
|9 98603
|a SCS
|b SCS
|d 2014-06-26
|h D 107.50
|l 0
|o 620.118 M8
|p SCS00529
|r 2014-06-26
|w 2014-06-26
|y BK
|